00374cam a2200157 4500001000800000005001700008008004100025010001700066040002700083041000800110080001200118082001500130100000700145101000800152245005600160452902220180115072003.0701217s1955 nyu 001 0 eng  a 54007802  aDLCcDLCdDLCe189.09  aeng a189.09 00a189.09 GIL1 a24 aFIL10aHistory of Christian philosophy in the Middle Ages.